| Registos Bibliográficos associados ao registo de autoridade |
|
Etiqueta de registo: 00000nam 2200025 450 001 2149119 003 http://id.bnportugal.gov.pt/bib/catbnp/2149119 010 ## $a978-989-559-561-7$bvol. 9) 010 ## $a978-989-559-610-2$bvol. 10) 021 ## $aPT$b452035/19 100 ## $a20231115d2023 a y0pory01030103ba 101 1# $apor$cjpn 102 ## $aPT 105 ## $aa t 000zy 106 ## $ar 200 1# $aTokyo Ghoul$fSui Ishida$gtrad. José Ribeiro 210 #9 $aPalmela$cDevir,$dcop. 2023 215 ## $a2 v.$cil.$d19 cm 675 ## $a087.5$vBN$zpor$3287999 675 ## $a741(=1:52)"20"$vBN$zpor$31626486 675 ## $a821.521-9"20"$vBN$zpor$31562278 700 #1 $aIshida,$bSui,$f1986-$31659495 702 #1 $915$aRibeiro,$bJosé$4730$31899102 801 #0 $aPT$bBN$gRPC 856 41 $uhttp://rnod.bnportugal.gov.pt/ImagesBN/winlibimg.aspx?skey=&doc=2149119&img=185570&save=true 900 ## $aBIBNAC$d20231122 966 ## $b001$d[1º v.]$lBN$mFGMON$sP. 28063 P.$x1 966 ## $b001$d[1º v.]$lBN$mFGMON$sP. 28063 P.-D$x1 966 ## $b001$d[2º v.]$lBN$mFGMON$sP. 28064 P.$x1 966 ## $b001$d[2º v.]$lBN$mFGMON$sP. 28064 P.-D$x1 971 ## $ccsilva$d20231115 972 ## $e0$z0$d20231122$vasantos 973 ## $cmcarvalho$d20231116
Etiqueta de registo: 00254nam 2200025 450 001 2164015 003 http://id.bnportugal.gov.pt/bib/catbnp/2164015 010 ## $a978-989-559-611-9 021 ## $aPT$b452035/19 100 ## $a20240415d2024 a y0pory01030103ba 101 1# $apor$cjpn 102 ## $aPT 105 ## $aa t 000zy 106 ## $ar 200 1# $aTokyo Ghoul-re$hVol. 11$fSui Ishida$gtrad. José Ribeiro 210 #9 $aPalmela$cDevir,$d2024 215 ## $a234, [2] p.$ctodo il.$d19 cm 675 ## $a087.5$vBN$zpor$3287999 675 ## $a741(=1:52)"20"$vBN$zpor$31626486 675 ## $a821.521-9"20"$vBN$zpor$31562278 700 #1 $aIshida,$bSui,$f1986-$31659495 702 #1 $915$aRibeiro,$bJosé$4730$31899102 801 #0 $aPT$bBN$gRPC 856 41 $uhttp://rnod.bnportugal.gov.pt/ImagesBN/winlibimg.aspx?skey=&doc=2164015&img=192692&save=true 900 ## $aBIBNAC$d20240424 966 ## $lBN$mFGMON$sP. 28889 P.$x1 966 ## $lBN$mFGMON$sP. 28889 P.-D$x1 971 ## $cabrito$d20240415 972 ## $e0$z0$d20240424$vasantos 973 ## $cigoulao$d20240417
Etiqueta de registo: 00254nam 2200025 450 001 2169709 003 http://id.bnportugal.gov.pt/bib/catbnp/2169709 010 ## $a978-989-559-612-6 021 ## $aPT$b452035/19 100 ## $a20240618d2024 a y0pory01030103ba 101 1# $apor$cjpn 102 ## $aPT 105 ## $aa t 000zy 106 ## $ar 200 1# $aTokyo Ghoul-re.$hVol. 12$fSui Ishida$gtrad. José Ribeiro 210 #9 $aPalmela$cDevir,$d2024 215 ## $a2302 [2] p.$ctodo il.$d19 cm 675 ## $a087.5$vBN$zpor$3287999 675 ## $a741(=1:52)"20"$vBN$zpor$31626486 675 ## $a821.521-9"20"$vBN$zpor$31562278 700 #1 $aIshida,$bSui,$f1986-$31659495 702 #1 $915$aRibeiro,$bJosé$4730$31899102 801 #0 $aPT$bBN$gRPC 856 41 $uhttp://rnod.bnportugal.gov.pt/ImagesBN/winlibimg.aspx?skey=&doc=2169709&img=194810&save=true 900 ## $aBIBNAC$d20240820 966 ## $lBN$mFGMON$sP. 29087 P.$x1 966 ## $lBN$mFGMON$sP. 29087 P.-D$x1 971 ## $cabrito$d20240618 972 ## $e0$z0$d20240820$vmsebas 973 ## $cacosta$d20240620
Etiqueta de registo: 00254nam 2200025 450 001 2186335 003 http://id.bnportugal.gov.pt/bib/catbnp/2186335 010 ## $a978-989-559-612-6 021 ## $aPT$b452035/19 100 ## $a20240925d2024 a y0pory01030103ba 101 1# $apor$cjpn 102 ## $aPT 105 ## $aa t 000zy 106 ## $ar 200 1# $aTokyo Ghoul-re.$hVol. 13$fSui Ishida$gtrad. José Ribeiro 210 #9 $aPalmela$cDevir,$d2024 215 ## $a242 [2] p.$ctodo il.$d19 cm 675 ## $a087.5$vBN$zpor$3287999 675 ## $a741(=1:52)"20"$vBN$zpor$31626486 675 ## $a821.521-9"20"$vBN$zpor$31562278 700 #1 $aIshida,$bSui,$f1986-$31659495 702 #1 $915$aRibeiro,$bJosé$4730$31899102 801 #0 $aPT$bBN$gRPC 856 41 $uhttp://rnod.bnportugal.gov.pt/ImagesBN/winlibimg.aspx?skey=&doc=2186335&img=199383&save=true 900 ## $aBIBNAC$d20241104 966 ## $lBN$mFGMON$sP. 29489 P.$x1 966 ## $lBN$mFGMON$sP. 29489 P.-D$x1 971 ## $corlando$d20240925 972 ## $d20241104$e0$vlrevez$z0 973 ## $cacosta$d20241009
Etiqueta de registo: 00000nam 2200025 450 001 2202601 003 http://id.bnportugal.gov.pt/bib/catbnp/2202601 010 ## $a978-989-559-668-3 021 ## $aPT$b474221/20 100 ## $a20250114d2024 a y0pory01030103ba 101 1# $apor$cjpn 102 ## $aPT 105 ## $aa t 000zy 106 ## $ar 200 1# $aDeath note$ehistórias curtas$fargumento Tsugumi Ohba$gdes. Takeshi Obata$gtrad. José Ribeiro 210 #9 $aPalmela$cDevir,$d2024 215 ## $a209, [12] p.$cil.$d19 cm 675 ## $a087.5$vBN$zpor$3287999 675 ## $a741(=1:52)"19/20"$vBN$zpor$31490770 675 ## $a821.521-9"20"$vBN$zpor$31562278 700 #1 $aOhba,$bTsugumi$31501263 701 #1 $aObata,$bTakeshi,$f1969-$4070$31501264 702 #1 $915$aRibeiro,$bJosé$4730$31899102 801 #0 $aPT$bBN$gRPC 856 41 $uhttp://rnod.bnportugal.gov.pt/ImagesBN/winlibimg.aspx?skey=&doc=2202601&img=203796&save=true 900 ## $aBIBNAC$d20250214 966 ## $lBN$mFGMON$sP. 29922 P.$x1 966 ## $lBN$mFGMON$sP. 29922 P.-D$x1 971 ## $cjbeatriz$d20250114 972 ## $d20250214$e0$vlrevez$z0 973 ## $cmlsousa$d20250128
Etiqueta de registo: 00254nam 2200025 450 001 2202251 003 http://id.bnportugal.gov.pt/bib/catbnp/2202251 010 ## $a978-989-559-685-0 021 ## $aPT$b452035/19 100 ## $a20250110d2024 a y0pory01030103ba 101 1# $apor$cjpn 102 ## $aPT 105 ## $aa t 000zy 106 ## $ar 200 1# $aTokyo Ghoul-re.$hVol. 14$fSui Ishida$gtrad. José Ribeiro 210 #9 $aPalmela$cDevir,$d2024 215 ## $a202 [2] p.$ctodo il.$d19 cm 675 ## $a087.5$vBN$zpor$3287999 675 ## $a741(=1:52)"20"$vBN$zpor$31626486 675 ## $a821.521-9"20"$vBN$zpor$31562278 700 #1 $aIshida,$bSui,$f1986-$31659495 702 #1 $915$aRibeiro,$bJosé$4730$31899102 801 #0 $aPT$bBN$gRPC 856 41 $uhttp://rnod.bnportugal.gov.pt/ImagesBN/winlibimg.aspx?skey=&doc=2202251&img=203904&save=true 900 ## $aBIBNAC$d20250212 966 ## $lBN$mFGMON$sP. 29926 P.$x1 966 ## $lBN$mFGMON$sP. 29926 P.-D$x1 971 ## $cabrito$d20250110 972 ## $e0$z0$d20250212$vasantos 973 ## $cigoulao$d20250129
Etiqueta de registo: 00254nam 2200025 450 001 2202604 003 http://id.bnportugal.gov.pt/bib/catbnp/2202604 010 ## $a978-989-559-708-6 021 ## $aPT$b537745/24 100 ## $a20250114d2024 d y0pory01030103ba 101 1# $apor$cjpn 102 ## $aPT 105 ## $aa t 000yy 106 ## $ar 200 1# $aDragon ball.$hVol. 1$fAkira Toriyama$gtrad. José Ribeiro 210 #9 $aPalmela$cDevir,$d2024 215 ## $a561, [18] p.$cil.$d19 cm 327 11 $aContém: Son Goku e os seus amigos ; As Dragon Balls em perigo ; Começa o Tenka'ichi
Budokai!! 675 ## $a087.5$vBN$zpor$3287999 675 ## $a821.521-9"19/20"$vBN$zpor$31175675 675 ## $a741(=1:52)"19/20"$vBN$zpor$31490770 700 #1 $aToriyama,$bAkira,$f1955-2024$31466792 702 #1 $915$aRibeiro,$bJosé$4730$31899102 801 #0 $aPT$bBN$gRPC 856 41 $uhttp://rnod.bnportugal.gov.pt/ImagesBN/winlibimg.aspx?skey=&doc=2202604&img=205649&save=true 900 ## $aBIBNAC$d20250325 966 ## $lBN$mFGMON$sP. 30054 P.$x1 966 ## $lBN$mFGMON$sP. 30054 P.-D$x1 971 ## $cjbeatriz$d20250114 972 ## $e0$z0$d20250325$vasantos 973 ## $cmlsousa$d20250318 975 ## $e0$d20250326$viraminhos
Etiqueta de registo: 00254nam 2200025 450 001 2220181 003 http://id.bnportugal.gov.pt/bib/catbnp/2220181 010 ## $a978-989-559-711-6 021 ## $aPT$b452035/19 100 ## $a20250714d2025 a y0pory01030103ba 101 1# $apor$cjpn 102 ## $aPT 105 ## $aa t 000zy 106 ## $ar 200 1# $aTokyo Ghoul-re$hVol. 16$fSui Ishida$gtrad. José Ribeiro 210 #9 $aPalmela$cDevir,$d2025 215 ## $a315 [9] p.$ctodo il.$d19 cm 675 ## $a087.5$vBN$zpor$3287999 675 ## $a741(=1:52)"20"$vBN$zpor$31626486 675 ## $a821.521-9"20"$vBN$zpor$31562278 700 #1 $aIshida,$bSui,$f1986-$31659495 702 #1 $915$aRibeiro,$bJosé$4730$31899102 801 #0 $aPT$bBN$gRPC 856 41 $uhttp://rnod.bnportugal.gov.pt/ImagesBN/winlibimg.aspx?skey=&doc=2220181&img=209751&save=true 900 ## $aBIBNAC$d20250723 966 ## $lBN$mFGMON$sP. 30353 P.$x1 966 ## $lBN$mFGMON$sP. 30353 P.-D$x1 971 ## $casantos$d20250714 972 ## $e0$z0$d20250723$vlrevez 973 ## $cmlsousa$d20250715
Etiqueta de registo: 00254nam 2200025 450 001 2220176 003 http://id.bnportugal.gov.pt/bib/catbnp/2220176 010 ## $a978-989-559-710-9 021 ## $aPT$b452035/19 100 ## $a20250714d2024 a y0pory01030103ba 101 1# $apor$cjpn 102 ## $aPT 105 ## $aa t 000zy 106 ## $ar 200 1# $aTokyo Ghoul-re.$hVol. 15$fSui Ishida$gtrad. José Ribeiro 210 #9 $aPalmela$cDevir,$d2024 215 ## $a202, [2] p.$ctodo il.$d19 cm 675 ## $a087.5$vBN$zpor$3287999 675 ## $a741(=1:52)"20"$vBN$zpor$31626486 675 ## $a821.521-9"20"$vBN$zpor$31562278 700 #1 $aIshida,$bSui,$f1986-$31659495 702 #1 $915$aRibeiro,$bJosé$4730$31899102 801 #0 $aPT$bBN$gRPC 856 41 $uhttp://rnod.bnportugal.gov.pt/ImagesBN/winlibimg.aspx?skey=&doc=2220176&img=209811&save=true 900 ## $aBIBNAC$d20250718 966 ## $lBN$mFGMON$sP. 30358 P.$x1 966 ## $lBN$mFGMON$sP. 30358 P.-D$x1 971 ## $crsoares$d20250714 972 ## $e0$z0$d20250718$vasantos 973 ## $cigoulao$d20250716 975 ## $e0$d20250722$viraminhos
Etiqueta de registo: 00254nam 2200025 450 001 2230612 003 http://id.bnportugal.gov.pt/bib/catbnp/2230612 010 ## $a978-989-559-721-5 021 ## $aPT$b359252/13 100 ## $a20251104d2025 a y0pory01030103ba 101 1# $apor$cjpn 102 ## $aPT 105 ## $aa t 000yy 106 ## $ar 200 1# $aDragon ball.$hVol. 3$fAkira Toriyama$gtrad. José Ribeiro 210 #9 $aPalmela$cDevir,$d2025 215 ## $a560, [17] p.$ctodo il.$d19 cm 327 11 $aContém: A perseguição do general Blue!! ; Son Goku ataca ; Quando tiveres problemas,
vai à velha vidente 517 1# $a A perseguição do general Blue!! 517 1# $aSon Goku ataca 517 1# $aQuando tiveres problemas, vai à velha vidente 675 ## $a087.5$vBN$zpor$3287999 675 ## $a741(=1:52)"19/20"$vBN$zpor$31490770 675 ## $a821.521-9"19/20"$vBN$zpor$31175675 700 #1 $aToriyama,$bAkira,$f1955-2024$31466792 702 #1 $915$aRibeiro,$bJosé$4730$31899102 801 #0 $aPT$bBN$gRPC 856 41 $uhttp://rnod.bnportugal.gov.pt/ImagesBN/winlibimg.aspx?skey=&doc=2230612&img=215308&save=true 900 ## $aBIBNAC$d20251117 966 ## $lBN$mFGMON$sP. 30643 P.$x1 966 ## $lBN$mFGMON$sP. 30643 P.-D$x1 971 ## $corlando$d20251104 973 ## $csteixeira$d20251105 975 ## $e0$d20251117$viquintas
Etiqueta de registo: 00254nam 2200025 450 001 2230666 003 http://id.bnportugal.gov.pt/bib/catbnp/2230666 010 ## $a978-989-559-708-6 021 ## $aPT$b537745/24 100 ## $a20251104d2025 d y0pory01030103ba 101 1# $apor$cjpn 102 ## $aPT 105 ## $aa t 000zy 106 ## $ar 200 1# $aDragon ball.$hVol. 1$fAkira Toriyama$gtrad. José Ribeiro 205 ## $a2ª ed 210 #9 $aPalmela$cDevir,$d2025 215 ## $a561, [18] p.$cil.$d19 cm 327 11 $aContém: Son Goku e os seus amigos ; As Dragon Balls em perigo ; Começa o Tenka'ichi
Budokai!! 517 1# $aSon Goku e os seus amigos 517 1# $aAs Dragon Balls em perigo 517 1# $aComeça o Tenka'ichi Budokai!! 675 ## $a087.5$vBN$zpor$3287999 675 ## $a741(=1:52)"19/20"$vBN$zpor$31490770 675 ## $a821.521-9"19/20"$vBN$zpor$31175675 700 #1 $aToriyama,$bAkira,$f1955-2024$31466792 702 #1 $915$aRibeiro,$bJosé$4730$31899102 801 #0 $aPT$bBN$gRPC 856 41 $uhttp://rnod.bnportugal.gov.pt/ImagesBN/winlibimg.aspx?skey=&doc=2230666&img=214778&save=true 900 ## $aBIBNAC$d20251117 966 ## $lBN$mFGMON$sP. 30629 P.$x1 966 ## $lBN$mFGMON$sP. 30629 P.-D$x1 971 ## $cisantos$d20251104 973 ## $cacosta$d20251106 975 ## $e0$d20251117$viquintas
Etiqueta de registo: 00254nam 2200025 450 001 2230521 003 http://id.bnportugal.gov.pt/bib/catbnp/2230521 010 ## $a978-989-559-709-3 021 ## $aPT$b537745/24 100 ## $a20251103d2025 a y0pory01030103ba 101 1# $apor$cjpn 102 ## $aPT 105 ## $aa t 000zy 106 ## $ar 200 1# $aDragon ball.$hVol. 2$fAkira Toriyama$gtrad. José Ribeiro 210 #9 $aPalmela$cDevir,$d2025 215 ## $a566, [14] p.$ctodo il.$d19 cm 327 11 $aContém: A grande final ; A terrível Muscle Tower ; O grande erro de Bulma!! 675 ## $a087.5$vBN$zpor$3287999 675 ## $a741(=1:52)"19/20"$vBN$zpor$31490770 675 ## $a821.521-9"19/20"$vBN$zpor$31175675 700 #1 $aToriyama,$bAkira,$f1955-2024$31466792 702 #1 $915$aRibeiro,$bJosé$4730$31899102 801 #0 $aPT$bBN$gRPC 856 41 $uhttp://rnod.bnportugal.gov.pt/ImagesBN/winlibimg.aspx?skey=&doc=2230521&img=215071&save=true 900 ## $aBIBNAC$d20251124 966 ## $lBN$mFGMON$sP. 30676 P.$x1 966 ## $lBN$mFGMON$sP. 30676 P.-D$x1 971 ## $cssilva$d20251103 972 ## $e0$z0$d20251124$vasantos 973 ## $cmlsousa$d20251111 975 ## $e0$d20251125$viquintas
Etiqueta de registo: 00254nam 2200025 450 001 2281485 003 http://id.bnportugal.gov.pt/bib/catbnp/2281485 010 ## $a978-989-559-722-2 021 ## $aPT$b537745/24$z359252/13 100 ## $a20260318d2025 a y0pory01030103ba 101 1# $apor$cjpn 102 ## $aPT 105 ## $aa t 000yy 106 ## $ar 200 1# $aDragon ball.$hVol. 4$fAkira Toriyama$gtrad. José Ribeiro 210 #9 $aPalmela$cDevir,$d2025 215 ## $a561, [11] p.$ctodo il.$d19 cm 327 11 $aContém: V. 10 - O 22º Tenka'Ichi Budokai ; V. 11 - A superbatalha número um sob os
céus!! ; V. 12 - O terror de Piccolo, o grande Rei dos demónios! 517 1# $a O 22º Tenka'Ichi Budokai 517 1# $a A superbatalha número um sob os céus!! 517 1# $a O terror de Piccolo, o grande Rei dos demónios! 675 ## $a087.5$vBN$zpor$3287999 675 ## $a741(=1:52)"19/20"$vBN$zpor$31490770 675 ## $a821.521-9"19/20"$vBN$zpor$31175675 700 #1 $aToriyama,$bAkira,$f1955-2024$31466792 702 #1 $915$aRibeiro,$bJosé$4730$31899102 801 #0 $aPT$bBN$gRPC 856 41 $uhttp://rnod.bnportugal.gov.pt/ImagesBN/winlibimg.aspx?skey=&doc=2281485&img=220630&save=true 900 ## $aBIBNAC$d20260406 966 ## $lBN$mFGMON$sP. 30871 P.$x1 966 ## $lBN$mFGMON$sP. 30871 P.-D$x1 971 ## $cisantos$d20260318 972 ## $e0$z0$d20260406$vlrevez 973 ## $csteixeira$d20260323
Etiqueta de registo: 00254nam 2200025 450 001 2281488 003 http://id.bnportugal.gov.pt/bib/catbnp/2281488 010 ## $a978-989-559-764-2 021 ## $aPT$b537745/24$z359252/13 100 ## $a20260318d2025 a y0pory01030103ba 101 1# $apor$cjpn 102 ## $aPT 105 ## $aa t 000zy 106 ## $ar 200 1# $aDragon ball.$hVol. 5$fAkira Toriyama$gtrad. José Ribeiro 210 #9 $aPalmela$cDevir,$d2025 215 ## $a554, [14] p.$ctodo il.$d19 cm 327 11 $aContém: V. 13 - O contra-ataque de Son Goku?! ; V. 14 - Um passo de gigante ; V. 15
- Rivais de peso! 517 1# $a O contra-ataque de Son Goku?! 517 1# $a Um passo de gigante 517 1# $aRivais de peso! 675 ## $a087.5$vBN$zpor$3287999 675 ## $a741(=1:52)"19/20"$vBN$zpor$31490770 675 ## $a821.521-9"19/20"$vBN$zpor$31175675 700 #1 $aToriyama,$bAkira,$f1955-2024$31466792 702 #1 $915$aRibeiro,$bJosé$4730$31899102 801 #0 $aPT$bBN$gRPC 856 41 $uhttp://rnod.bnportugal.gov.pt/ImagesBN/winlibimg.aspx?skey=&doc=2281488&img=220687&save=true 900 ## $aBIBNAC$d20260406 966 ## $lBN$mFGMON$sP. 30870 P.$x1 966 ## $lBN$mFGMON$sP. 30870 P.-D$x1 971 ## $cisantos$d20260318 972 ## $e0$z0$d20260406$vlrevez 973 ## $cigoulao$d20260324
|
|
|